Alonso de Ojeda / (Record no. 96466)

MARC details
000 -LEADER
campo de control de longitud fija 00614nam a2200205 i 4500
001 - NÚMERO DE CONTROL
campo de control 96466
003 - IDENTIFICADOR DE NÚMERO DE CONTROL
campo de control ES-MaACL
005 - FECHA Y HORA DE LA ÚLTIMA TRANSACCIÓN
campo de control 20250928133435.0
007 - CAMPO FIJO DE DESCRIPCIÓN FÍSICA--INFORMACIÓN GENERAL
campo de control de longitud fija t|
008 - DATOS DE LONGITUD FIJA--INFORMACIÓN GENERAL
campo de control de longitud fija 050627s1972 sp ||||1| spa d
080 ## - NÚMERO DE LA CLASIFICACIÓN DECIMAL UNIVERSAL
Número de la Clasificación Decimal Universal 929 Ojeda, Alonso de
100 1# - ENTRADA PRINCIPAL--NOMBRE DE PERSONA
Nombre de persona Majó Framis, Ricardo.
9 (RLIN) 75648
245 10 - MENCIÓN DEL TÍTULO
Título Alonso de Ojeda /
Mención de responsabilidad, etc. Ricardo Majó Framis.
260 ## - PUBLICACIÓN, DISTRIBUCIÓN, ETC.
Lugar de publicación, distribución, etc. Madrid :
Nombre del editor, distribuidor, etc. Círculo de Amigos de la Historia,
Fecha de publicación, distribución, etc. 1972.
300 ## - DESCRIPCIÓN FÍSICA
Extensión 250 p., 8 lám. :
Otras características físicas il. ;
Dimensiones 18 cm.
600 14 - PUNTO DE ACCESO ADICIONAL DE MATERIA--NOMBRE DE PERSONA
Nombre de persona Ojeda, Alonso de,
Fechas asociadas al nombre ca. 1470-ca. 1516
9 (RLIN) 170973
700 2# - ENTRADA AGREGADA--NOMBRE PERSONAL
Nombre de persona
9 (RLIN) 241881
852 ## - LOCALIZACIÓN
Ubicación ES-MaACL
Número de control de estantería C-49715
Holdings
Estatus retirado Estado de pérdida Estado de daño No para préstamo Biblioteca de origen Biblioteca actual Ubicación en estantería Fecha de adquisición Fuente de adquisición Total de préstamos Signatura topográfica completa Código de barras Visto por última vez Precio de reemplazo Tipo de ítem Koha
        Biblioteca del Ateneo de Madrid Biblioteca del Ateneo de Madrid Depósito 2 17/01/2008     C-49715 1100712 23/02/2023 23/02/2023 Libro impreso